Hernan mejia miraval o la conquista del tucuman /
Guardado en:
| Autor Principal: | |
|---|---|
| Formato: | Libro |
| Publicado: |
Tucuman :
Facultad De Filosofia Y Letras De La Universidad,
1962
|
| Materias: | |
| Etiquetas: |
Agregar Etiqueta
Sin Etiquetas, Sea el primero en etiquetar este registro!
|
| LEADER | 00708nam a22001815a 4500 | ||
|---|---|---|---|
| 001 | EHU.bham014137 | ||
| 003 | AR-BHAM | ||
| 005 | 20071102145010.0 | ||
| 008 | 130507s1962##################000#0#####d | ||
| 082 | 9 | 8 | |a 982.02 |
| 100 | 1 | |a Martinez Ruiz, Bernabe | |
| 245 | 1 | 0 | |a Hernan mejia miraval o la conquista del tucuman / |c Bernabe Martinez Ruiz |
| 260 | |a Tucuman : |b Facultad De Filosofia Y Letras De La Universidad, |c 1962 | ||
| 300 | |a 75 p. | ||
| 653 | |a Historia de argentina-1516-1810 [colonia | ||
| 859 | |a AR-BHAM |b BIB. HUMANIDADES - General |h 982.02 |i M366 |p 178.63 |t Ej.1 | ||
| 859 | |a AR-BHAM |b BIB. HUMANIDADES - General |h 982.02 |i M366 |p 410.65 |t Ej.1 | ||
| 859 | |a AR-BHAM |b BIB. HUMANIDADES - General |h 982.02 |i M366 |p 727.63 |t Ej.1 | ||
